الإبهام في شعر الحداثة / (رقم التسجيلة. 90899)

تفاصيل مارك
000 -LEADER
fixed length control field 00629nam a22001817a 4500
005 - DATE AND TIME OF LATEST TRANSACTION
control field 20251108172902.0
008 - FIXED-LENGTH DATA ELEMENTS--GENERAL INFORMATION
fixed length control field 250721s2002 xx 000 0 ara d
082 14 - DEWEY DECIMAL CLASSIFICATION NUMBER
Classification number 801.951/قعو
100 1# - MAIN ENTRY--PERSONAL NAME
Personal name القعود، عبد الرحمن
245 10 - TITLE STATEMENT
Title الإبهام في شعر الحداثة /
264 1# - PRODUCTION, PUBLICATION, DISTRIBUTION, MANUFACTURE, AND COPYRIGHT NOTICE
Place of production, publication, distribution, manufacture كويت :
Name of producer, publisher, distributor, manufacturer عالم المعرفة،
Date of production, publication, distribution, manufacture, or copyright notice 2002.
300 ## - PHYSICAL DESCRIPTION
Extent 477 ص
490 0# - SERIES STATEMENT
Series statement كتب ثقافية شهرية يصدرها المجلس الوطني للثقافة والفنون والآداب
Volume/sequential designation ؛279
650 17 - SUBJECT ADDED ENTRY--TOPICAL TERM
Topical term or geographic name as entry element الشعر العربي
650 17 - SUBJECT ADDED ENTRY--TOPICAL TERM
Topical term or geographic name as entry element النقد الأدبي
942 ## - ADDED ENTRY ELEMENTS (KOHA)
Source of classification or shelving scheme Dewey Decimal Classification
Koha item type كتب
المقتنيات
حالة السحب حالة الفقدان مصدر التصنيف حالة التلف غير قابل للإعارة المكتبة الرئيسية المكتبة الحالية موقع الرف تاريخ التزويد الرقم المتسلسل Total Checkouts رقم الإستدعاء الباركود تاريخ آخر ظهور تاريخ الفاتورة نوع المادة (كوها)
    Dewey Decimal Classification     المكتبة المركزية المكتبة المركزية الإعارة 28/07/2025 511694   801.951/قعو 511694 28/07/2025 28/07/2025 كتب
Implemented & Customized by: BBB with SCIT (Smart Chains for Information Technology)

Powered by Koha